Přinesla krize něco pozitivního ?

Pozitívny dopad na trh, a to v spojení s jeho očistením, rozvoj kreatívneho a konštruktívneho myslenia, zvýšenie pružnosti pracovnej sily, zvýšenie záujmu o krízový manažment, alternatívne formy zamestnania...

Na minha lista:
Detalhes bibliográficos
Autor principal: Rezlerová, Jaroslava
Formato: Capítulo de Livro
Idioma:tcheco
Assuntos:
Tags: Adicionar Tag
Sem tags, seja o primeiro a adicionar uma tag!

MARC

LEADER 00000naa a2200000 4500
001 0117515
005 20231113132256.4
041 0 |a cze 
044 |a CZ 
245 1 0 |a Přinesla krize něco pozitivního ?  |c Jaroslava Rezlerová 
520 |a Pozitívny dopad na trh, a to v spojení s jeho očistením, rozvoj kreatívneho a konštruktívneho myslenia, zvýšenie pružnosti pracovnej sily, zvýšenie záujmu o krízový manažment, alternatívne formy zamestnania... 
610 2 0 |a kríza hospodárska 
610 2 0 |a Česko 
100 1 |a Rezlerová, Jaroslava